| 000 | 00000nas 2200000zi 4500 |
| 001 | 9.874538 |
| 003 | CaOODSP |
| 005 | 20240718092316 |
| 006 | m o d f |
| 007 | cr ||||||||||| |
| 008 | 190610d19771999oncar p o f0###b0fre|d |
| 040 | |aCaOODSP|bfre|erda|cCaOODSP |
| 043 | |an-cn--- |
| 086 | 1 |aC1-1F-PDF |
| 245 | 00|aLoi sur les prêts aux petites entreprises, rapport annuel. |
| 246 | 3 |aLoi sur les prêts aux petites entreprises : |brapport annuel sur les activités de la période de douze mois se terminant ... |
| 264 | 1|aOttawa : |bIndustrie, sciences et technologie Canada = Industry, Science and Technology Canada. |
| 310 | |aAnnuel |
| 336 | |atexte|btxt|2rdacontent/fre |
| 337 | |ainformatique|bc|2rdamedia/fre |
| 338 | |aressource en ligne|bcr|2rdacarrier/fre |
| 362 | 0 |a1977-1999. |
| 500 | |aPublié aussi en anglais sous le titre : Small businesses loans act, annual report. |
| 500 | |aÉdition numérisée de l'imprimé [par Innovation, Sciences et Développement économique Canada]. |
| 550 | |aPublié avec Expansion économique régionale. |
| 550 | |aPublié par Industrie Canada (1995-1999). |
| 610 | 16|aCanada. |bLoi sur les prêts aux petites entreprises |vPériodiques. |
| 650 | 6|aPrêts|zCanada. |
| 650 | 6|aPetites et moyennes entreprises|zCanada|xFinances|vPériodiques. |
| 655 | 7|aPériodiques|2rvmgf |
| 710 | 1 |aCanada. |bIndustrie, sciences et technologie Canada. |
| 710 | 1 |aCanada. |bIndustrie Canada. |
| 775 | 08|tSmall Businesses Loans Act, annual report.|w(CaOODSP)9.874536 |
| 785 | 00|tLoi sur le financement des petites entreprises du Canada et Loi sur les prêts aux petites entreprises, rapport annuel.|w(CaOODSP)9.502577 |